[Event "Pro Chess League"]
[Site "chess24.com"]
[Date "2023.03.09"]
[Round "17.1"]
[White "Shimanov, Aleksandr"]
[Black "Carlsen, Magnus"]
[Result "1-0"]
[WhiteElo "2581"]
[BlackElo "2852"]
[EventDate "2023.??.??"]
[Annotator "Bojkov,Dejan"]
[PlyCount "101"]
[Beauty "6946039792724"]
[EventType "game"]
[WhiteTeam "FID"]
[BlackTeam "Norway"]
[BlackTeamCountry "NOR"]

1.e4 c5 2.d4 cxd4 3.Qxd4 {A Center Game against the Sicilian $2 Not a common one $1} 3...Nc6 4.Qd3 g6 {After a tempo gain, Carlsen decided to opt for a Dragon setup. This is one of the many ways to achieve a good position out of the opening.} 5.Nc3 Bg7 6.Nf3 Nf6 7.Be2 O-O 8.O-O ( {It is fascinating to see one of Carlsen's seconds also trying this as White in the following game:} 8.Bg5 h6 9.Bh4 d6 10.O-O Be6 11.Rad1 Rc8 12.a3 Nd7 13.Qe3 Qb6 {and Black did not have any problems to say in the least in Van Foreest,J (2702)-Deac,B (2683) Chess.com INT 2022} ) 8...d6 9.Nd5 {The only way to justify the early sortie of the white queen. If the knights are traded, White would enjoy a nice space advantage and easy play along the half-open e-file. However} 9...Nd7 $1 {[%c_effect d7;square;d7;type;GreatFind;persistent;true] spoiled White's plans, and Black is doing great out of the opening after} 10.c3 Nc5 11.Qc2 e6 12.Ne3 {White's pieces look ugly, but as we shall witness Shimanov knows how to bring them together.} 12...Qc7 ( {Stronger seems the immediate battle for the center with} 12...f5 $5 {[%c_effect f5;square;f5;type;Interesting;persistent;true]} ) 13.Rd1 $146 ( {Black did fine in the predecessor after:} 13.b4 Nd7 14.Rb1 b6 15.Rd1 Rd8 16.Bb2 Bb7 17.a3 Nf6 18.c4 a5 {Skvortsov,A (2249)-Radovanovic $146 (2407) Paracin 2023} ) 13...Rd8 ( 13...f5 $5 {[%c_effect f5;square;f5;type;Interesting;persistent;true] is again the way to play it.} ) 14.b4 $1 {[%c_effect b4;square;b4;type;GreatFind;persistent;true] This is the point: the white bishop would feel great on the long diagonal.} 14...Nd7 15.a3 Nde5 16.Bb2 Nxf3+ 17.Bxf3 a5 {Carlsen adds additional pressure on the b4-pawn, thus, trying to keep the long diagonal closed for the time being.} 18.Rac1 Bd7 19.c4 $1 {[%c_effect c4;square;c4;type;GreatFind;persistent;true] But a little tactic solves the minor queenside issues that White has experienced.} 19...axb4 20.Bxg7 Kxg7 21.axb4 e5 {A common idea after the bishop swap, but here it was a tad premature.} ( 21...Ne5 {is more to the spot.} ) 22.Nd5 Qb8 23.Qb2 {Shimanov is heading to the correct idea but drops a tempo in the process.} ( {The immediate} 23.b5 $1 {[%c_effect b5;square;b5;type;GreatFind;persistent;true] would have fixed White's edge after} 23...Nd4 ( 23...Na5 24.Nb6 {is awful for Black.} ) 24.Rxd4 $1 {[%c_effect d4;square;d4;type;GreatFind;persistent;true]} 24...exd4 25.Qd2 {with a powerful attack on the dark squares.} ) 23...Be6 24.h4 {White's chances are connected with the kingside.} 24...h5 25.b5 {Same idea, but...} 25...Bxd5 $1 {[%c_effect d5;square;d5;type;GreatFind;persistent;true] Not the same result now.} ( {Naturally, Carlsen is not falling for} 25...Nd4 26.Rxd4 $1 {[%c_effect d4;square;d4;type;GreatFind;persistent;true]} 26...exd4 27.Qxd4+ {with the strong attack mentioned above.} ) 26.cxd5 {Another inaccuracy. As we shall see, the open c-file plays well for Black.} ( {After the correct capture} 26.exd5 $1 {[%c_effect d5;square;d5;type;GreatFind;persistent;true] White's position would not be worse. In comparison to the game, the line} 26...Nd4 27.Rxd4 exd4 28.Qxd4+ Kg8 29.Bxh5 $3 {[%c_effect h5;square;h5;type;Brilliant;persistent;true]} 29...gxh5 $2 {[%c_effect h5;square;h5;type;Mistake;persistent;true]} ( 29...Re8 $1 {[%c_effect e8;square;e8;type;GreatFind;persistent;true] is still playable, although White should have enough for the exchange here too.} ) 30.Rc3 $1 $18 {[%c_effect c3;square;c3;type;GreatFind;persistent;true] wins for White.} ) 26...Nd4 27.Rxd4 {This knight cannot be left onboard.} 27...exd4 28.Qxd4+ Kg8 {Black's position seems scary, but as it often happens, Carlsen's pieces arrive in time.} ( 28...f6 $5 {[%c_effect f6;square;f6;type;Interesting;persistent;true]} ) 29.g4 ( {The bishop sacrifice} 29.Bxh5 {is no longer appealing due to the counterplay along the open files after} 29...Rc8 $1 {[%c_effect c8;square;c8;type;GreatFind;persistent;true]} 30.Re1 Qa7 $1 {[%c_effect a7;square;a7;type;GreatFind;persistent;true] and Black takes over the initiative.} ) ( {However, the preliminary inclusion of} 29.Qf6 $1 {[%c_effect f6;square;f6;type;GreatFind;persistent;true]} 29...Rd7 $1 {[%c_effect d7;square;d7;type;GreatFind;persistent;true] And then} 30.Bxh5 $1 {[%c_effect h5;square;h5;type;GreatFind;persistent;true] would have been a better try when after} 30...Rc7 $1 {[%c_effect c7;square;c7;type;GreatFind;persistent;true]} 31.Rxc7 Qxc7 32.Bg4 Re8 {Black is better, but White at least got back his material.} ) 29...Rc8 $1 {[%c_effect c8;square;c8;type;GreatFind;persistent;true] All Black needs is to get rid of the major pieces.} 30.Re1 ( {Wrong is} 30.Rxc8+ $2 {[%c_effect c8;square;c8;type;Mistake;persistent;true]} 30...Qxc8 31.gxh5 Qc1+ 32.Kg2 Qf4 $1 {[%c_effect f4;square;f4;type;GreatFind;persistent;true]} ) 30...hxg4 31.Bxg4 Rc2 32.h5 {Now Black needs to decide how to cover the dark squares.} 32...Qa7 {Carlsen errs.} ( {After the accurate} 32...Qd8 $1 {[%c_effect d8;square;d8;type;GreatFind;persistent;true] it is Black who is attacking. Both Qd8-h4 $1 and Qd8-g5 $1 are strong threats, and if} 33.h6 ( 33.hxg6 Qh4 $1 {[%c_effect h4;square;h4;type;GreatFind;persistent;true]} ( {Rather than} 33...Qg5 $6 {[%c_effect g5;square;g5;type;Inaccuracy;persistent;true]} 34.e5 $1 {[%c_effect e5;square;e5;type;GreatFind;persistent;true]} ) 34.Bf3 fxg6 {and Black is winning.} ) 33...Qf8 $1 {[%c_effect f8;square;f8;type;GreatFind;persistent;true] keeps everything under control.} ) 33.Qf6 $1 {[%c_effect f6;square;f6;type;GreatFind;persistent;true]} 33...Qa5 34.Rf1 $1 {[%c_effect f1;square;f1;type;GreatFind;persistent;true] Remember this rook; his time has not come yet.} ( {Not} 34.Re3 Qa1+ ) 34...Qd8 $1 {[%c_effect d8;square;d8;type;GreatFind;persistent;true] Back to the right place.} ( {Black is no better after} 34...Qc3 35.Qxd6 Rc1 36.Rxc1 Qxc1+ 37.Kg2 {for example} 37...gxh5 38.Bxh5 Ra1 39.Bxf7+ $1 {[%c_effect f7;square;f7;type;GreatFind;persistent;true] leads to a perpetual check.} ) 35.Qf4 Qe7 ( {It is not too late to safeguard the king and secure an advantage with} 35...Qf8 $1 {[%c_effect f8;square;f8;type;GreatFind;persistent;true]} ) 36.hxg6 fxg6 37.Qh6 $1 {[%c_effect h6;square;h6;type;GreatFind;persistent;true] This is the difference $1 The white queen gets within a striking distance of the enemy king.} 37...Qg7 38.Be6+ Kf8 39.Qg5 Rc4 40.Kg2 $3 {[%c_effect g2;square;g2;type;Brilliant;persistent;true] Shimanov plays for the win $1 White's last piece joins the attack, and the time scramble as always benefits the attacker.} ( {Technically speaking, there is nothing wrong with the defense of the pawn with} 40.Re1 {except that White would have had an attacker in.} ) 40...Rxe4 41.Rh1 {THAT rook $1} 41...Re5 ( {The other defense is} 41...Ke8 {to which White could choose to mount pressure with} 42.Rh3 ( {Or with} 42.Bf5 ) ) 42.Qf4+ Ke7 43.Rc1 {The correct idea, to attack from both sides.} ( {However, a neater execution would have been} 43.Qh4+ $1 {[%c_effect h4;square;h4;type;GreatFind;persistent;true] first weakening the light squares and only after} 43...g5 44.Qc4 Kf6 45.Rh3 {when the black king should not survive for long.} ) 43...Ke8 44.b6 g5 {Black voluntarily weakens himself, and this cannot be good $1} ( {Better defenses are both} 44...Qe7 $1 {[%c_effect e7;square;e7;type;GreatFind;persistent;true]} ) ( {And} 44...Qf8 $1 {[%c_effect f8;square;f8;type;GreatFind;persistent;true]} ) 45.Qg4 Qh6 ( {The last chance is to try and block the white queen with} 45...Qg6 46.Qh3 Qe4+ 47.Kg1 Qh4 {although even this is unlikely to succeed after} 48.Qf3 $1 {[%c_effect f3;square;f3;type;GreatFind;persistent;true]} ) 46.Rc7 ( {Missing the instant win with} 46.Rh1 $1 {[%c_effect h1;square;h1;type;GreatFind;persistent;true]} 46...Qg7 47.Qh5+ Ke7 48.Rc1 $1 {[%c_effect c1;square;c1;type;GreatFind;persistent;true]} ) 46...Ra1 {But Carlsen errs last in the time scramble.} ( {Black could have survived, had he spotted that the queen swap is possible after} 46...Qh4 $1 {[%c_effect h4;square;h4;type;GreatFind;persistent;true]} 47.Qf3 Qe4 $1 {[%c_effect e4;square;e4;type;GreatFind;persistent;true]} 48.Rxb7 Qxf3+ 49.Kxf3 Ra3+ 50.Kg4 Rb3 {with a likely draw.} ) 47.Bf7+ {Now it is a forcing mate.} 47...Kf8 48.Qc8+ Kg7 49.Be6+ Kf6 50.Qd8+ Kg6 51.Qe8+ 1-0

[Event "Champions Chess Tour Chessable Masters 2023"]
[Site "Chess.com"]
[Date "2023.04.03"]
[Round "1"]
[White "Carlsen, Magnus"]
[Black "Artemiev, Vladislav"]
[Result "0-1"]
[WhiteElo "2852"]
[BlackElo "2701"]
[EventDate "2023.??.??"]
[Annotator "rafael"]
[PlyCount "110"]
[Beauty "6666191898121"]
[EventType "team-tourn"]
[TimeControl "900+3"]

1.Nf3 Nf6 2.g3 g6 3.Bg2 Bg7 4.O-O O-O 5.c4 c6 6.b3 Ne4 7.d4 d5 8.Bb2 {An opening system that leads to positional play and a technical position that appeals to both players. By the way, Carlsen and Artemiev have a very similar style of play.} 8...a5 {The plan with a5-a4 is typical in these positions. Black has other viable alternatives.} ( 8...Bf5 ) ( 8...Nd7 ) 9.Nc3 ( 9.e3 {was played when Artemiev had the white position. After} 9...a4 10.Nfd2 Nxd2 11.Qxd2 axb3 12.axb3 Rxa1 13.Bxa1 Be6 {The position was roughly equal in Artemiev-Mamedyarov, Airthings Masters 2022.} ) 9...Nxc3 ( 9...Bf5 10.e3 Nxc3 11.Bxc3 Be4 12.Qe2 a4 13.Rfc1 {this was Carlsen-Nepomniachtchi, Stavanger (blitz) 2021.} ) 10.Bxc3 Nd7 11.cxd5 {This is a debatable decision since Black's position is a little freer now.} ( 11.Rc1 {was tried in Inarkiev-Vachier-Lagrave, Germany 2019.} ) 11...cxd5 12.Rc1 Nf6 13.Ne5 Ne4 14.Bb2 Bf5 {Black has no problems. All of his pieces are well developed and the a5-a4 break can bother White.} 15.e3 Re8 {This move isn't bad, but it's a little mysterious. Perhaps the idea is to avoid a knight leap to d7 after the queen goes to b6.} ( 15...Qb6 ) 16.a4 {A good move, preventing a5-a4.} 16...Qb6 17.Ba3 $6 {[%c_effect a3;square;a3;type;Inaccuracy;persistent;true] This is inaccurate.} ( 17.f3 Nd6 18.g4 $1 {[%c_effect g4;square;g4;type;GreatFind;persistent;true]} 18...Be6 19.Nd3 {White has knocked the black pieces out of their good positions and prepares to put the knight on c5. The position is balanced.} ) 17...Rac8 $1 {[%c_effect c8;square;c8;type;GreatFind;persistent;true] Black is not worried about the e7-pawn.} 18.Bxe4 $6 {[%c_effect e4;square;e4;type;Inaccuracy;persistent;true]} ( 18.Rxc8 {It's more precise to exchange rooks first.} 18...Rxc8 19.Bxe4 ( 19.Bxe7 $2 {[%c_effect e7;square;e7;type;Mistake;persistent;true]} 19...Nc3 {The queenside pawns fall.} ) 19...dxe4 $5 {[%c_effect e4;square;e4;type;Interesting;persistent;true]} ( 19...Bxe4 20.Nd7 Qc7 21.Nc5 Bf5 22.g4 Bd7 {with a slight advantage for Black.} ) 20.Nc4 {White is in the game, although I prefer Black.} ) 18...Rxc1 $1 {[%c_effect c1;square;c1;type;GreatFind;persistent;true]} 19.Qxc1 Bxe4 20.f3 ( 20.Nd7 Qd8 $1 {[%c_effect d8;square;d8;type;GreatFind;persistent;true]} ( 20...Qxb3 {is not so good because of} 21.Nc5 ) 21.Nc5 Bf3 {The light-squared bishop is very dangerous.} ) 20...Bf5 21.g4 Rc8 $6 {[%c_effect c8;square;c8;type;Inaccuracy;persistent;true] After this move Carlsen gets good drawing chances in a rook endgame.} ( 21...Bxe5 $1 {[%c_effect e5;square;e5;type;GreatFind;persistent;true] is stronger.} 22.dxe5 ( 22.gxf5 Bd6 23.Bxd6 exd6 24.fxg6 hxg6 25.Qc3 Qd8 {Black is much better since white's pawn structure is very weak.} ) 22...Bd3 23.Rf2 Qxb3 {Black is a pawn up, although with bishops of opposite colors things are never easy.} ) 22.Bc5 Qc7 23.gxf5 Bxe5 24.dxe5 Qxc5 25.Qxc5 Rxc5 26.f6 ( 26.fxg6 {is also enough for a draw.} 26...fxg6 {I like this capture to open the path for the king.} 27.Rb1 $1 {[%c_effect b1;square;b1;type;GreatFind;persistent;true] followed by b4 and White should have no problems to achieve a draw.} ) 26...exf6 27.exf6 Rc6 28.Rd1 ( 28.Kf2 {gives White enough counterplay after} 28...Rxf6 29.Rc1 $1 {[%c_effect c1;square;c1;type;GreatFind;persistent;true]} 29...Rd6 ( 29...Rb6 30.Rc5 Rxb3 31.Rxa5 ) 30.Rc5 b6 31.Rb5 Kg7 32.b4 axb4 33.Rxb4 Kf6 34.Rb5 Ke6 35.a5 bxa5 36.Rxa5 {with excellent drawing chances.} ) 28...Rxf6 29.Rxd5 $6 {[%c_effect d5;square;d5;type;Inaccuracy;persistent;true]} ( 29.Kf2 {is good again:} 29...Rd6 30.Rd4 f5 ( 30...Kf8 31.e4 Ke7 32.b4 ( 32.exd5 $6 {[%c_effect d5;square;d5;type;Inaccuracy;persistent;true]} 32...Rb6 {is dangerous for White.} ) 32...b6 33.exd5 {with a draw.} ) 31.b4 b6 32.e4 $1 {[%c_effect e4;square;e4;type;GreatFind;persistent;true]} 32...fxe4 33.fxe4 Rf6+ 34.Kg3 dxe4 35.Rxe4 {and the draw is near.} ) 29...Rxf3 30.Rxa5 Rxe3 31.Rb5 Re7 {This is much more difficult for White to defend, although the computer still claims a draw. The players were in big time trouble at this point, so it was impossible to play correctly.} 32.Rb6 $2 {[%c_effect b6;square;b6;type;Mistake;persistent;true] This is a bad square for the rook.} ( 32.a5 Kg7 33.b4 f5 34.Rc5 $1 {[%c_effect c5;square;c5;type;GreatFind;persistent;true] White's counterplay is connected with b5-b6-Rc7.} ) 32...Kg7 33.a5 f5 34.b4 Kh6 {Black's position is winning now.} 35.Kf2 Kh5 $1 {[%c_effect h5;square;h5;type;GreatFind;persistent;true]} 36.b5 ( 36.Kg3 g5 ) 36...g5 37.a6 ( 37.Rd6 {gives better practical chances.} ) 37...bxa6 38.bxa6 Re5 $1 {[%c_effect e5;square;e5;type;GreatFind;persistent;true] The classic rule \"place the rook behind the passed pawn\" applies here.} 39.a7 Ra5 40.Rb7 h6 41.Rh7 Kg6 42.Rb7 Ra3 43.Rc7 {The only thing left is to advance the passed pawns. But the adventures are not over.} 43...f4 $2 {[%c_effect f4;square;f4;type;Mistake;persistent;true]} ( 43...g4 $1 {[%c_effect g4;square;g4;type;GreatFind;persistent;true] is the right way.} ) 44.Rb7 $2 {[%c_effect b7;square;b7;type;Mistake;persistent;true] Missing a golden chance.} ( 44.h3 $1 {[%c_effect h3;square;h3;type;GreatFind;persistent;true]} 44...Kh5 ( 44...h5 45.Rc6+ Kf5 46.Rc5+ Ke4 47.Rxg5 Rxa7 48.Rxh5 Ra2+ 49.Kg1 Kf3 50.Rf5 {with a known theoretical draw.} 50...Ra1+ 51.Kh2 Ke3 52.Kg2 ) 45.Rh7 $1 {[%c_effect h7;square;h7;type;GreatFind;persistent;true] The pawns cannot easily advance and the king cannot hide from the checks. White sets a fortress since there's no winning plan.} ) 44...Kh5 45.Rh7 Kg6 ( 45...g4 $1 {[%c_effect g4;square;g4;type;GreatFind;persistent;true] wins easily.} ) 46.Rb7 Kf5 $2 {[%c_effect f5;square;f5;type;Mistake;persistent;true]} 47.Rh7 $2 {[%c_effect h7;square;h7;type;Mistake;persistent;true]} ( 47.h3 $1 {[%c_effect h3;square;h3;type;GreatFind;persistent;true] is a draw again.} ) 47...Ra2+ 48.Kf1 ( 48.Kf3 g4# ) 48...Kg6 49.Rb7 Kh5 50.Rh7 g4 $1 {[%c_effect g4;square;g4;type;GreatFind;persistent;true] Artemiev finally goes the right way.} 51.Rf7 Kg5 52.Kg1 h5 53.Rg7+ Kh4 54.Rf7 Ra1+ 55.Kf2 Kh3 0-1